000 00235nam a2200097Ia 4500
008 190216s9999||||xx |||||||||||||| ||und||
100 _aKhan M L
245 0 _aCareers Guide To Indian Forest Service Exams
260 _bNull
942 _cREF
999 _c35536
_d35536